చిత్రాలలో నటులు - Statistics

General Stats
  • This quiz has been taken 3 times
  • The average score is 35 of 50
Answer Stats
Hint Extra Hint Explanation Answer % Correct
ఛత్రపతి అగ్ని స్కలన సన్ధాగ్దారిపు వర్గ ప్రళయ రధ ఛత్రపతి ప్రభాస్
100%
మిస్టర్ పర్‌ఫెక్ట్ ప్రభాస్
100%
బాహుబలి ప్రభాస్
100%
దూకుడు మహేశ్ ‌బాబు
100%
యమదొంగ జూనియర్ ఎన్.టి.ఆర్
100%
రామయ్యా వస్తావయ్యా జూనియర్ ఎన్.టి.ఆర్
100%
ధృవ రామ్ చ​రణ్
100%
మగధీర రామ్ చ​రణ్
100%
DJ: దువ్వాడ జగన్నాథం అల్లు అర్జున్
100%
అల వైకుంఠపురములో అల్లు అర్జున్
100%
వర్షం ప్రభాస్
67%
బిల్లా ప్రభాస్
67%
డార్లింగ్ ప్రభాస్
67%
మిర్చి ప్రభాస్
67%
ఆదిపురుష్ చండాలం సినిమా ప్రభాస్
67%
కల్కి 2898 ప్రభాస్
67%
మురారి మహేశ్ ‌బాబు
67%
పోకిరి ఎవడు కొడితే దిమ్మతిరిగి మైండ్ బ్లాక్ అవుద్ధో ఆడే పండు గాడు మహేశ్ ‌బాబు
67%
ఖలేజా మహేశ్ ‌బాబు
67%
శ్రీమంతుడు మహేశ్ ‌బాబు
67%
బ్రహ్మోత్సవం మహేశ్ ‌బాబు
67%
భరత్ అనే నేను అంతఃకరణ శుద్దితో! మహేశ్ ‌బాబు
67%
అతడు మహేశ్ ‌బాబు
67%
సర్కారు వారి పాట మహేశ్ ‌బాబు
67%
మహర్షి మహేశ్ ‌బాబు
67%
కంత్రి జూనియర్ ఎన్.టి.ఆర్
67%
అదుర్స్ తెలీదు, గుర్తులేదు, మర్చిపోయా! జూనియర్ ఎన్.టి.ఆర్
67%
బృందావనం జూనియర్ ఎన్.టి.ఆర్
67%
శక్తి జూనియర్ ఎన్.టి.ఆర్
67%
బాద్‍షా జూనియర్ ఎన్.టి.ఆర్
67%
టెంపర్ జూనియర్ ఎన్.టి.ఆర్
67%
నాన్నకు ప్రేమతో జూనియర్ ఎన్.టి.ఆర్
67%
జనతా గ్యారేజ్ జూనియర్ ఎన్.టి.ఆర్
67%
జై లవ కుశ జూనియర్ ఎన్.టి.ఆర్
67%
రౌద్రం రణం రుధిరం (కొమురం భీమ్) జూనియర్ ఎన్.టి.ఆర్
67%
నాయక్ రామ్ చ​రణ్
67%
ఆరెంజ్ రామ్ చ​రణ్
67%
ఎవడు (సర్జరీ తరవాత) రామ్ చ​రణ్
67%
రంగస్థలం రామ్ చ​రణ్
67%
ఆర్య అల్లు అర్జున్
67%
జులాయి అల్లు అర్జున్
67%
ఇద్దరమ్మాయిలతో అల్లు అర్జున్
67%
రేసు గుఱ్ఱం అల్లు అర్జున్
67%
సన్నాఫ్ సత్యమూర్తి అల్లు అర్జున్
67%
సరైనోడు అల్లు అర్జున్
67%
పుష్ప అల్లు అర్జున్
67%
గుంటూరు కారం మహేశ్ ‌బాబు
33%
దేవర జూనియర్ ఎన్.టి.ఆర్
33%
రౌద్రం రణం రుధిరం (అల్లూరి సీతారామరాజు) రామ్ చ​రణ్
33%
ఎవడు (సర్జరీ ముందు) అల్లు అర్జున్
33%
No matching quizzes found
Score Distribution
Percent of People with Each Score
Percentile by Number Answered
Your Score History
You have not taken this quiz